000 00693nam a2200241 a 4500
001 BRL_954
005 20190320210953.0
008 281013s1990----nyua######---#000-0#eng-#
020 _a084781193X
041 _aeng
044 _anyu
050 4 _aN5313
_b.B67 1990
100 1 _aBossert, Helmuth Th.
_925074
245 1 0 _aFolk art of Asia, Africa, Australia and the Americas
_cHelmuth Th. Bossert.
260 _aNew York
_bRizzoli
_c1990
300 _aVarias paginaciones
_bil. (algunas a color)
_c32 cm.
500 _aAu1015
650 1 4 _aArte popular
_xDecoración y ornamentación
_925436
650 1 4 _aCerámica
_91200
650 1 4 _aTextiles
_910631
902 _aGRL
942 _2lcc
_cB
999 _c9766
_d9766